000
00147 a2200073 4500
020
_a
180278
082
_2
NSO F MMIN
_a
NSO
_b
1
245
_a
NGWANA WA MOBU
999
_c
796037
_d
796036
942
_w
438
_x
Lucy Nkosi
_y
438
_z
Lucy Nkosi